Study of factors impeding employment of rural women and measures to improve their employability: a case study of varansi district (Record no. 495295)

000 -LEADER
fixed length control field 00477cam a22001217a 4500
008 - FIXED-LENGTH DATA ELEMENTS--GENERAL INFORMATION
fixed length control field 180718b1997 xxu||||| |||| 00| 0 eng d
082 ## - DEWEY DECIMAL CLASSIFICATION NUMBER
Classification number R16x5421 K527
100 ## - MAIN ENTRY--PERSONAL NAME
Personal name Khan, Q.U
245 ## - TITLE STATEMENT
Title Study of factors impeding employment of rural women and measures to improve their employability: a case study of varansi district
Statement of responsibility, etc. by Q.U. Khan and Lalita Manocha
260 ## - PUBLICATION, DISTRIBUTION, ETC.
Place of publication, distribution, etc. New Delhi
Name of publisher, distributor, etc. Insitute of Applied Manpower Research
Date of publication, distribution, etc. 1997
300 ## - PHYSICAL DESCRIPTION
Extent 65p.
650 ## - SUBJECT ADDED ENTRY--TOPICAL TERM
Topical term or geographic name entry element Women -Employment -India
Holdings
Withdrawn status Lost status Damaged status Not for loan Permanent Location Current Location Date acquired Full call number Barcode Date last seen Price effective from Koha item type
        Indian Institute of Public Administration Indian Institute of Public Administration 2018-08-04 R16x5421 K527 GR18066 2018-08-04 2018-08-04 GR

Powered by Koha